[Event "36th World Junior Girls"]
[Site "Manavgat TUR"]
[Date "2018.09.06"]
[Round "2.6"]
[White "Pychova, Nela"]
[Black "Gorti, Akshita"]
[Result "0-1"]
[WhiteTitle "WFM"]
[BlackTitle "FM"]
[WhiteElo "2173"]
[BlackElo "2315"]
[WhiteFideId "351369"]
[BlackFideId "2072505"]
[EventDate "2018.09.05"]

1. e4 e6 2. d3 d5 3. Nd2 Nf6 4. Ngf3 c5 5. g3 b6 6. c3 Be7 7. Qa4+ Nfd7 8. Be2
O-O 9. O-O Bb7 10. Re1 Nc6 11. Nf1 dxe4 12. dxe4 a6 13. Qc2 b5 14. Rd1 Qc8 15.
h4 c4 16. Ne3 Nc5 17. Ng2 Nb8 18. Nd2 Nbd7 19. b4 cxb3 20. axb3 Qc7 21. Ba3 Rfe8
22. c4 Bf6 23. Rac1 Bd4 24. Nf4 Qa5 25. Bb2 Bxb2 26. Qxb2 b4 27. f3 Qc7 28. Nf1
Rad8 29. Kh2 f6 30. Ne3 Ne5 31. Qc2 Qb6 32. Rxd8 Rxd8 33. Rd1 Rd6 34. Rxd6 Qxd6
35. Qd1 Qxd1 36. Bxd1 g5 37. hxg5 fxg5 38. Nh5 Kf7 39. Kh3 Ned3 40. Kg2 Nc1 41.
Nc2 a5 42. Nd4 e5 43. Nb5 Bc6 44. Na7 Ba8 45. Nc8 N1xb3 46. Nb6 Bc6 47. f4 a4 0-1

[Event "36th World Junior Girls"]
[Site "Manavgat TUR"]
[Date "2018.09.06"]
[Round "2.8"]
[White "Wafa, Shahenda"]
[Black "Unuk, Laura"]
[Result "1-0"]
[WhiteTitle "WGM"]
[BlackTitle "WIM"]
[WhiteElo "2129"]
[BlackElo "2299"]
[WhiteFideId "10609962"]
[BlackFideId "14609215"]
[EventDate "2018.09.05"]

1. e4 e5 2. Nf3 Nc6 3. Bb5 a6 4. Ba4 d6 5. O-O Bd7 6. c3 g6 7. d4 Bg7 8. Bg5 Qc8
9. dxe5 Nxe5 10. Nxe5 dxe5 11. Bxd7+ Qxd7 12. Qxd7+ Kxd7 13. Rd1+ Ke6 14. c4 h6
15. Be3 Ne7 16. Nc3 Nc6 17. Nd5 Rac8 18. Bc5 Rhd8 19. g3 b6 20. Be3 f5 21. f3
Bf8 22. Kg2 Rd7 23. Rf1 h5 24. Rad1 Bc5 25. Bxc5 bxc5 26. f4 fxe4 27. fxe5 Kxe5
28. Rf4 g5 29. Rxe4+ Kxe4 30. Nf6+ Ke3 31. Rxd7 Nd4 32. Re7+ Kd3 33. b3 h4 34.
Re5 hxg3 35. hxg3 Rf8 36. Nd7 Rg8 37. Nxc5+ Kc3 38. Ne4+ Kb2 39. Ra5 g4 40. Nf2
Rg6 41. Nd3+ Kb1 42. Nf4 Rh6 43. Kf2 Nc2 44. Ra4 c5 45. Ke2 Rh2+ 46. Kd3 Nb4+
47. Ke4 Rxa2 48. Ne6 Re2+ 49. Kf5 Nd3 50. Rxa6 Kb2 51. Rb6 Nf2 52. Nxc5 Re3 53.
Re6 Rf3+ 54. Kg5 Ka3 55. Kh4 Kb4 56. Ne4 Nd1 57. Rb6+ Ka5 58. Rb5+ Ka6 59. Kxg4
Rf8 60. Nc5+ Ka7 61. Rb7+ Ka8 62. Rd7 Ne3+ 63. Kh4 Rh8+ 64. Kg5 Rg8+ 65. Kf4
Ng2+ 66. Kf3 Ne1+ 67. Kf2 Nc2 68. Nd3 Na3 69. Kf3 Nb1 70. Nf4 Rb8 71. Rd3 Rxb3
72. Rxb3 Nd2+ 73. Ke3 Nxb3 74. g4 Kb7 75. g5 Nc5 76. g6 Nd7 77. Nd5 Ne5 78. g7
Ng4+ 79. Kd4 Nh6 80. Ne7 1-0

[Event "36th World Junior Girls"]
[Site "Manavgat TUR"]
[Date "2018.09.06"]
[Round "2.9"]
[White "Antova, Gabriela"]
[Black "Sankova, Stella"]
[Result "1-0"]
[WhiteTitle "FM"]
[BlackTitle "WFM"]
[WhiteElo "2292"]
[BlackElo "2081"]
[WhiteFideId "2915235"]
[BlackFideId "14944200"]
[EventDate "2018.09.05"]

1. d4 Nf6 2. c4 e6 3. Nf3 d5 4. Nc3 Bb4 5. Bg5 h6 6. Bxf6 Qxf6 7. e3 O-O 8. Rc1
c6 9. Qb3 Qe7 10. Bd3 Nd7 11. O-O Nf6 12. a3 Bd6 13. Rfe1 dxc4 14. Qxc4 e5 15.
dxe5 Bxe5 16. Nxe5 Qxe5 17. Qh4 Rd8 18. Rcd1 Bf5 19. e4 Be6 20. Bc2 Qc5 21. h3
b5 22. e5 Nd5 23. Rd3 b4 24. axb4 Qxb4 25. Qxb4 Nxb4 26. Rxd8+ Rxd8 27. Be4 Kf8
28. f4 Ke7 29. Ra1 a6 30. Rd1 Rxd1+ 31. Nxd1 Bd5 32. Bb1 Ke6 33. Ne3 Ba2 34.
Bf5+ Ke7 35. Kf2 g6 36. Be4 Ke6 37. g3 Bb3 38. Ke2 a5 39. Kd2 c5 40. Kc3 a4 41.
Bf3 h5 42. Be4 Na2+ 43. Kd2 Nb4 44. Bb7 Kd7 45. Kc3 Be6 46. Bg2 Ke7 47. h4 Bb3
48. f5 gxf5 49. Nxf5+ Ke6 50. Ng7+ Kxe5 51. Nxh5 Na2+ 52. Kd2 c4 53. Nf4 a3 54.
bxa3 c3+ 55. Ke3 c2 56. Nd3+ Kf5 57. Bh3+ Kg6 58. Kd2 f5 59. Bg2 Kh5 60. Bf3+
Kg6 61. Nc1 Nxc1 62. Kxc1 Ba4 63. Be2 Kf6 64. Bd3 Ke5 65. Bxc2 Bd7 66. Kd2 f4
67. gxf4+ Kxf4 68. Bd1 Bc6 69. Kc3 Ke5 70. Kb4 Kd6 71. Be2 Ba8 72. Bd3 Ke7 73.
Kc5 Bf3 74. a4 Kf6 75. a5 Kg7 76. a6 Kh6 77. a7 Kh5 78. Bb5 Kxh4 79. Bc6 1-0

[Event "36th World Junior Girls"]
[Site "Manavgat TUR"]
[Date "2018.09.06"]
[Round "2.10"]
[White "Serikbay, Assel"]
[Black "Chitlange, Sakshi"]
[Result "1/2-1/2"]
[WhiteTitle "WFM"]
[BlackTitle "WIM"]
[WhiteElo "2125"]
[BlackElo "2279"]
[WhiteFideId "13706799"]
[BlackFideId "35002899"]
[EventDate "2018.09.05"]

1. d4 Nf6 2. c4 e6 3. g3 d5 4. Nf3 Be7 5. Bg2 O-O 6. O-O c6 7. Qc2 b6 8. Nbd2
Bb7 9. e4 Na6 10. e5 Nd7 11. b3 Rc8 12. Bb2 Nb4 13. Qb1 c5 14. a3 Na6 15. Rd1
Qc7 16. Qd3 Qb8 17. cxd5 exd5 18. Qf5 Rcd8 19. e6 fxe6 20. Qxe6+ Rf7 21. Qe2 Nc7
22. Nf1 Rdf8 23. Rd2 Ba6 24. Qd1 c4 25. bxc4 dxc4 26. Ne3 b5 27. Ng4 Bb7 28.
Nfe5 Nxe5 29. Nxe5 Bxg2 30. Nxf7 Ba8 31. Ne5 Qb7 32. f3 Nd5 33. Qc2 Bg5 34. Re2
Ne3 35. Qe4 Qc8 36. d5 Nxd5 37. Qd4 Bf6 38. Rc1 Qb7 39. Qg4 Re8 40. Bd4 Qa6 41.
Qd7 Qe6 42. Qxa7 Ne7 43. Rce1 Qd5 44. Qc5 Qb7 45. Qb6 Qd5 46. Qc5 Qb7 47. Qb6
Qd5 48. Qc5 1/2-1/2

[Event "36th World Junior Girls"]
[Site "Manavgat TUR"]
[Date "2018.09.06"]
[Round "2.12"]
[White "Diakonova, Ekaterina"]
[Black "Li, Yunshan"]
[Result "1-0"]
[BlackTitle "WFM"]
[WhiteElo "2243"]
[BlackElo "2060"]
[WhiteFideId "24172936"]
[BlackFideId "8607664"]
[EventDate "2018.09.05"]

1. e4 c6 2. d4 d5 3. e5 c5 4. dxc5 e6 5. a3 Bxc5 6. b4 Bb6 7. Nf3 a5 8. b5 Ne7
9. a4 Nd7 10. Ba3 Bc5 11. Bd3 Ng6 12. Bxg6 hxg6 13. c4 Bxa3 14. Nxa3 Nc5 15. O-O
b6 16. cxd5 exd5 17. Nc2 Bf5 18. Ncd4 Be4 19. Nc6 Qd7 20. Ng5 Bd3 21. e6 fxe6
22. Re1 Bf5 23. g4 Be4 24. f3 Qd6 25. Ra2 Bd3 26. Ne5 Qe7 27. Nxe6 Nxe6 28. Nxd3
O-O 29. Rae2 Rf6 30. g5 Rxf3 31. Rxe6 Qxg5+ 32. Kh1 Raf8 33. Re8 Kh7 34. Rxf8
Rxf8 35. Qe2 Rf6 36. Qe5 Qh4 37. Qxd5 Qh3 38. Rg1 Rd6 39. Nf4 Rxd5 40. Nxh3 Rd4
41. Ng5+ Kh6 42. Nf7+ Kh7 43. Rc1 Rxa4 44. Rc8 g5 45. Rc6 Kg8 46. Nxg5 Kf8 47.
Rxb6 Rb4 48. Rb7 g6 49. Ne6+ Ke8 50. b6 a4 51. Nc5 a3 52. Ra7 Rxb6 53. Rxa3 Rc6
54. Ne4 Kf7 55. Kg2 Kg7 56. Kg3 Rb6 57. Rf3 Re6 58. Ng5 Re7 59. Rc3 Ra7 60. Rc7+ 1-0

[Event "36th World Junior Girls"]
[Site "Manavgat TUR"]
[Date "2018.09.06"]
[Round "2.14"]
[White "Maltsevskaya, Aleksandra"]
[Black "Salah, Nadezhda"]
[Result "1/2-1/2"]
[WhiteElo "2234"]
[BlackElo "1918"]
[WhiteFideId "24174041"]
[BlackFideId "14139758"]
[EventDate "2018.09.05"]

1. Nf3 Nf6 2. g3 g6 3. Bg2 Bg7 4. O-O O-O 5. d4 d6 6. b3 a5 7. c4 a4 8. b4 c5 9.
bxc5 dxc5 10. Bb2 Qb6 11. Qc1 Bf5 12. Nbd2 Ne4 13. Ba3 cxd4 14. Nxe4 Bxe4 15.
Bxe7 Re8 16. c5 Qc6 17. Bd6 d3 18. Re1 dxe2 19. Rxe2 Nd7 20. Rxe4 Qxe4 21. Rb1
Rad8 22. h3 Qe2 23. Rxb7 Nxc5 24. Qxc5 Qd1+ 25. Kh2 Qxd6 26. Qc2 Qa6 27. Ng5 Rf8
28. Nxf7 Rc8 29. Qd1 Qf6 30. Nd6 Rcd8 31. Qd5+ Kh8 32. Nf7+ Rxf7 33. Qxf7 Qxf7
34. Rxf7 h5 35. Ra7 Rd4 36. Ra8+ Kh7 37. f4 h4 38. Ra7 hxg3+ 39. Kxg3 Kh6 40.
Bc6 Rd3+ 41. Kg4 a3 42. Be4 Re3 43. Bd5 Rd3 44. Bb3 Bb2 45. Bg8 Bg7 46. Ra6 Bf8
47. Ra7 Bg7 48. Bf7 Bf8 49. Bc4 Rd4 50. Bg8 g5 51. Ra6+ Bd6 52. Kf5 Rxf4+ 53.
Ke6 Bb4 54. Ke5+ Kh5 55. Be6 Bc3+ 56. Kd5 Bb2 57. Bg4+ Kh4 58. Rh6+ Kg3 59. Rg6
Kh4 60. Rh6+ Kg3 61. Rh5 Bc1 62. Rxg5 Rd4+ 1/2-1/2

[Event "36th World Junior Girls"]
[Site "Manavgat TUR"]
[Date "2018.09.06"]
[Round "2.15"]
[White "Nurgali, Nazerke"]
[Black "Paramzina, Anastasya"]
[Result "1-0"]
[WhiteTitle "WFM"]
[BlackTitle "WGM"]
[WhiteElo "2080"]
[BlackElo "2222"]
[WhiteFideId "13711261"]
[BlackFideId "4165012"]
[EventDate "2018.09.05"]

1. d4 Nf6 2. c4 e6 3. g3 d5 4. Nf3 Bb4+ 5. Bd2 Bd6 6. Bg2 O-O 7. Qc2 c6 8. O-O
Nbd7 9. Rd1 Ne4 10. Be1 f5 11. Nfd2 Ndf6 12. Nc3 Bd7 13. Ndxe4 fxe4 14. f3 exf3
15. Bxf3 Be8 16. Qb3 b5 17. c5 Bc7 18. a4 a5 19. axb5 cxb5 20. e4 a4 21. Qc2
Nxe4 22. Bg2 Ng5 23. Qe2 Qb8 24. Bd2 Bd8 25. Rf1 Bf7 26. Nxb5 Ne4 27. Bf4 Qb7
28. Nd6 Nxd6 29. Bxd6 Be7 30. Be5 Bg6 31. Qg4 Rf5 32. Rxf5 exf5 33. Qe2 Bd8 34.
Qf3 Bf7 35. Qxf5 Qxb2 36. Rf1 Qb7 37. Qxf7+ Qxf7 38. Rxf7 1-0

[Event "36th World Junior Girls"]
[Site "Manavgat TUR"]
[Date "2018.09.06"]
[Round "2.18"]
[White "Isha, Sharma"]
[Black "Kanakova, Natalie"]
[Result "0-1"]
[WhiteTitle "WCM"]
[BlackTitle "WFM"]
[WhiteElo "2012"]
[BlackElo "2201"]
[WhiteFideId "35006665"]
[BlackFideId "350486"]
[EventDate "2018.09.05"]

1. e4 e5 2. Nf3 Nc6 3. Bc4 Nf6 4. d3 Be7 5. O-O O-O 6. Re1 d6 7. h3 Kh8 8. c3
Ng8 9. d4 f5 10. dxe5 fxe4 11. Rxe4 Rxf3 12. gxf3 Bf5 13. Re1 Nxe5 14. Bf1 Qe8
15. Bf4 Qg6+ 16. Bg3 Rf8 17. Na3 Qh5 18. Rxe5 dxe5 19. Kh2 Nh6 20. Nc4 e4 21.
fxe4 Bg4 22. Qd5 Bg5 23. Kg1 Bf3 24. Ne5 Be2 25. Bxe2 Qxe2 26. Nd7 Rd8 27. Bxc7
Bh4 28. Rf1 Re8 29. Nc5 Rf8 30. Qd4 Qh5 31. Be5 Qg5+ 32. Kh2 Bxf2 33. Bxg7+ Kg8
34. Qc4+ Rf7 35. Rxf2 Ng4+ 36. hxg4 Qh4+ 37. Kg2 Qxf2+ 38. Kh3 Qf3+ 39. Kh4 Kxg7
40. Qd4+ Kg6 41. Qd6+ Rf6 42. Qg3 Qh1+ 43. Qh3 Qe1+ 44. Qg3 Qc1 45. Qd3 Qh6+ 46.
Kg3 Qf4+ 47. Kh3 Kh6 48. e5 Rg6 49. Qg3 Qf1+ 50. Qg2 Qxg2+ 51. Kxg2 Rxg4+ 52.
Kf3 Rg7 53. a4 Kg6 54. Kf4 Rc7 55. b4 b6 56. Ne4 Rf7+ 57. Ke3 h5 58. Nd6 Rc7 59.
c4 Kg5 60. Kf3 Re7 61. c5 bxc5 62. bxc5 h4 63. c6 a6 64. e6 h3 65. Kg3 h2 66.
Kxh2 Kf4 67. Nc8 Rc7 68. Nb6 Ke5 69. Nd7+ Kd6 70. Nb8 a5 71. Kg3 Kxe6 72. Kf3
Kd5 73. Ke3 Rc8 74. Nd7 Kxc6 75. Nf6 Kc5 76. Kd3 Kb4 77. Nd5+ Kb3 78. Ke3 Rc6
79. Kd4 Kxa4 80. Ne7 Rc1 0-1

[Event "36th World Junior Girls"]
[Site "Manavgat TUR"]
[Date "2018.09.06"]
[Round "2.19"]
[White "Hereklioglu, Sude"]
[Black "Potapova, Margarita"]
[Result "0-1"]
[WhiteTitle "WFM"]
[BlackTitle "WFM"]
[WhiteElo "1930"]
[BlackElo "2277"]
[WhiteFideId "6359531"]
[BlackFideId "14126869"]
[EventDate "2018.09.05"]

1. d4 Nf6 2. Nf3 e6 3. g3 d5 4. Bg2 c5 5. e3 Nc6 6. O-O Be7 7. Nbd2 O-O 8. b3 a5
9. Bb2 b6 10. c4 Ba6 11. Re1 Rc8 12. Ne5 Bb7 13. f4 cxd4 14. exd4 Ba8 15. Rc1
dxc4 16. Nxc6 Bxc6 17. bxc4 Bxg2 18. Kxg2 Qd7 19. Ne4 Nxe4 20. Rxe4 Rxc4 21.
Rxc4 Qd5 22. Qe2 f5 23. Rc7 Bf6 24. Kf3 fxe4+ 25. Qxe4 Qxa2 26. Bc3 b5 27. Qe2
Qb3 28. Qe3 b4 29. Be1 Qd5+ 30. Qe4 Rd8 31. Qxd5 Rxd5 32. Rc6 Kf7 33. Rc7+ Ke8
34. Rb7 Bxd4 35. h4 h5 36. g4 hxg4+ 37. Kxg4 Bf6 38. Kf3 Rd1 39. Ke2 Rd5 40. Kf3
Rd3+ 41. Ke4 Ra3 42. Bf2 b3 43. Bc5 Ra4+ 44. Kd3 b2 45. Kc2 Rc4+ 0-1

[Event "36th World Junior Girls"]
[Site "Manavgat TUR"]
[Date "2018.09.06"]
[Round "2.20"]
[White "Sieber, Fiona"]
[Black "Kyrkjebo, Marte B."]
[Result "1-0"]
[WhiteTitle "WIM"]
[WhiteElo "2277"]
[BlackElo "1935"]
[WhiteFideId "12902373"]
[BlackFideId "1511602"]
[EventDate "2018.09.05"]

1. e4 e5 2. Nf3 Nc6 3. Bb5 a6 4. Ba4 Nf6 5. O-O b5 6. Bb3 Bc5 7. a4 Bb7 8. d3 d6
9. Nc3 b4 10. Nd5 h6 11. Ne3 Ne7 12. a5 O-O 13. Re1 Ng6 14. h3 Re8 15. Ba4 c6
16. Nc4 Qc7 17. Be3 Bxe3 18. Nxe3 Red8 19. Nc4 Nd7 20. Qe2 Nc5 21. Qe3 Nxa4 22.
Rxa4 c5 23. Raa1 Rf8 24. c3 bxc3 25. bxc3 f5 26. Rab1 fxe4 27. dxe4 Nf4 28. Nxd6
Qxd6 29. Rxb7 Qg6 30. Nh4 Qh5 31. Nf5 Ne6 32. Qg3 Rf7 33. Rxf7 Kxf7 34. Qxe5 Qg6
35. Rb1 Rd8 36. Rb7+ Kf8 37. Re7 Re8 38. Qd6 Rxe7 39. Nxe7 Qxe4 40. Nd5+ Kg8 41.
Ne3 Nf4 42. Qxa6 Qb1+ 43. Kh2 Nd3 44. Qc8+ Kh7 45. Qf5+ Kh8 46. Qf8+ Kh7 47. Nf5
Qb7 48. Ne7 h5 49. Qf5+ 1-0

[Event "36th World Junior Girls"]
[Site "Manavgat TUR"]
[Date "2018.09.06"]
[Round "2.28"]
[White "Ozbay, Ece"]
[Black "Esti, Kubra Selenay"]
[Result "1-0"]
[WhiteTitle "WFM"]
[WhiteElo "2114"]
[BlackElo "1662"]
[WhiteFideId "6351743"]
[BlackFideId "6358187"]
[EventDate "2018.09.05"]

1. e4 e5 2. Nf3 Nc6 3. Bb5 a6 4. Ba4 Nf6 5. O-O b5 6. Bb3 Be7 7. Re1 d6 8. c3
O-O 9. h3 Na5 10. Bc2 c5 11. d4 Qc7 12. d5 Nb7 13. b3 Bd7 14. Nbd2 g6 15. Nf1
Nh5 16. g4 Ng7 17. Ng3 f6 18. Nh2 g5 19. Nhf1 Nd8 20. Ne3 Nf7 21. Qf3 Qc8 22.
Kg2 Nh8 23. Nef5 Ng6 24. Nxe7+ Nxe7 25. Nf5 Bxf5 26. gxf5 Kf7 27. Bd2 h5 28. a4
Qd7 29. Bd3 Rg8 30. Qe2 g4 31. hxg4 Ngxf5 32. exf5 Rxg4+ 33. Kf1 Rag8 34. Qf3 c4
35. bxc4 bxc4 36. Be4 h4 37. Ke2 1-0

[Event "36th World Junior Girls"]
[Site "Manavgat TUR"]
[Date "2018.09.06"]
[Round "2.37"]
[White "Yang, Yijing"]
[Black "Bail, Ellen Larissa"]
[Result "1-0"]
[WhiteTitle "WCM"]
[WhiteElo "2018"]
[BlackElo "1832"]
[WhiteFideId "8608601"]
[BlackFideId "2142171"]
[EventDate "2018.09.05"]

1. d4 d5 2. c4 e6 3. Nf3 Nf6 4. g3 Be7 5. Bg2 O-O 6. O-O c5 7. cxd5 Nxd5 8. e4
Nf6 9. e5 Nfd7 10. Nc3 Nc6 11. Be3 cxd4 12. Bxd4 Rb8 13. Qe2 Qa5 14. Rfe1 b5 15.
Qe4 Bb7 16. Qf4 Nb4 17. Re2 Rbc8 18. a3 Nd5 19. Nxd5 Bxd5 20. b4 Qa4 21. Qe3 Rc7
22. Nd2 Bxg2 23. Kxg2 Rfc8 24. Nb3 Qa6 25. Ree1 Qb7+ 26. Qf3 Qxf3+ 27. Kxf3 a6
28. Ke4 Kf8 29. Ra2 Rc4 30. f4 Ke8 31. g4 f6 32. Kd3 fxe5 33. fxe5 Nf8 34. Rf1
Ng6 35. Raf2 Rd8 36. Ke4 a5 37. bxa5 Bxa3 38. a6 Bc5 39. Rd2 Bxd4 40. Rxd4
Rdxd4+ 41. Nxd4 Ra4 42. Rb1 Rxa6 43. Rxb5 Kf7 44. Rb7+ Kf8 45. Rd7 Ra5 46. Nxe6+
Ke8 47. Rd5 Ra4+ 48. Rd4 Ra5 49. Nc7+ Ke7 50. Nd5+ Ke6 51. Rb4 Nxe5 52. Rb6+ Nc6
53. Rxc6+ Kf7 54. Rc7+ Kg6 55. Nf4+ Kh6 56. h4 Ra4+ 57. Ke3 Ra3+ 58. Kd2 g5 59.
Rc6+ Kg7 60. Ne6+ Kg8 61. Rc8+ 1-0

[Event "36th World Junior Girls"]
[Site "Manavgat TUR"]
[Date "2018.09.06"]
[Round "2.39"]
[White "Sade, Defne"]
[Black "Kamalidenova, Meruert"]
[Result "0-1"]
[WhiteTitle "WCM"]
[BlackTitle "WFM"]
[WhiteElo "1826"]
[BlackElo "2011"]
[WhiteFideId "6371884"]
[BlackFideId "13712802"]
[EventDate "2018.09.05"]

1. e4 c5 2. Nf3 d6 3. Bb5+ Nd7 4. O-O a6 5. Bd3 Ngf6 6. Re1 b5 7. c4 Rb8 8. Nc3
Ne5 9. Nxe5 dxe5 10. Bf1 b4 11. Nd5 Nd7 12. d3 e6 13. Ne3 Be7 14. Ng4 Bg5 15.
Qf3 Bb7 16. Qg3 Bh4 17. Qh3 h5 18. Ne3 Qf6 19. g3 Bg5 20. Ng4 Qg6 21. Be2 Bxc1
22. Raxc1 Ke7 23. Qh4+ f6 24. Ne3 Qh6 25. Rf1 g5 26. Qh3 h4 27. g4 Nf8 28. Rfd1
Ng6 29. Ng2 Rbc8 30. Rd2 Rhd8 31. Rdc2 Kf7 32. a3 a5 33. a4 Ne7 34. b3 Nc6 35.
Rb2 Nd4 36. Bf1 Qf8 37. Ne3 Qd6 38. Nc2 Nc6 39. Qe3 h3 40. Ne1 Rh8 41. Nf3 Kg7
42. Be2 Ne7 43. Rd2 Ng6 44. Rcd1 Bc6 45. Bf1 Nf4 46. Rb1 Rce8 47. Re1 Kf7 48.
Rb1 Rhg8 49. Ne1 f5 50. f3 Rh8 51. Rf2 Rh4 52. Be2 Kg7 53. Rb2 Rd8 54. Rd2 Kg6
55. Bd1 Kf6 56. Kf1 Kg6 57. Kg1 Rf8 58. Kf1 Rh7 59. Kg1 Rd8 60. Kf1 Kf6 61. Kg1
Rhd7 62. Bc2 Qe7 63. Kf1 Rd4 64. Bd1 Qd6 65. Bc2 fxe4 66. fxe4 Bxe4 67. Qxh3 Kg7
68. Qe3 Kg6 69. Nf3 Bxf3 70. Qxf3 Rh8 71. Qb7 Rb8 72. Qf3 Qc7 73. Qg3 Rh8 74.
Qe3 Rh4 75. Bd1 Qd6 76. Rf3 e4 77. Rg3 Nxd3 78. Bc2 Qf4+ 79. Kg1 Qxe3+ 80. Rxe3
Rxg4+ 81. Kf1 Rf4+ 82. Kg1 Ne5 83. Rxd4 cxd4 84. Rxe4 d3 85. Rxf4 dxc2 86. Rf1
Nd3 87. c5 Nxc5 88. Rc1 Nxb3 89. Rxc2 Nd4 90. Rc7 b3 91. Rb7 Kf5 92. Kf2 Kf4 93.
Rc7 Nc2 94. Rb7 Nb4 95. Rf7+ Ke4 96. Ke2 b2 97. Rf1 Kd4 98. Kd2 Kc4 99. Ke3 Nc6
100. Ke4 Kb3 101. Kd3 Ka2 102. Kc4 b1=Q 103. Rxb1 Kxb1 104. Kb5 e5 0-1

[Event "36th World Junior Girls"]
[Site "Manavgat TUR"]
[Date "2018.09.06"]
[Round "2.47"]
[White "Heydarova, Aytaj"]
[Black "Incecik, Seyma Zeynep"]
[Result "0-1"]
[WhiteElo "1948"]
[BlackElo "1716"]
[WhiteFideId "13409999"]
[BlackFideId "6374948"]
[EventDate "2018.09.05"]

1. Nf3 d5 2. g3 Nf6 3. Bg2 g6 4. d3 Bg7 5. O-O O-O 6. c3 c5 7. Nbd2 Nc6 8. e4 e5
9. Re1 Re8 10. Qc2 h6 11. Nf1 Be6 12. N3d2 Qd7 13. Nb3 b6 14. f4 Rad8 15. fxe5
Nxe5 16. d4 c4 17. dxe5 cxb3 18. axb3 Nxe4 19. Ne3 Bxe5 20. Nxd5 Bxd5 21. Bxe4
Bg7 22. Bf4 Bxe4 23. Rxe4 g5 24. Be3 Rxe4 25. Qxe4 Re8 26. Qf3 Qd3 27. Re1 Qc2
28. Re2 Qxb3 29. Rf2 Qe6 30. Bd4 Bxd4 31. cxd4 Qe1+ 32. Kg2 Qe4 33. Rd2 f5 34.
h3 Kf7 35. d5 Qxf3+ 36. Kxf3 Rd8 37. Ke3 Re8+ 38. Kf3 Rd8 39. Ke3 Re8+ 40. Kf3
Ke7 41. Rc2 Rd8 42. Rc6 Rd6 43. Rc7+ Kf6 44. Rxa7 Rxd5 45. Ra2 Rd3+ 46. Kf2 Rb3
47. Kg2 f4 48. gxf4 gxf4 49. Ra4 Kf5 50. Rd4 Rxb2+ 51. Kf3 Rb3+ 52. Kg2 Rg3+ 53.
Kh2 Rg6 54. Rb4 f3 55. Rb5+ Ke4 56. Rb4+ Ke3 57. Rb3+ Ke2 58. Rb2+ Kd1 59. Rb1+
Kc2 60. Rf1 Rf6 0-1

[Event "36th World Junior Girls"]
[Site "Manavgat TUR"]
[Date "2018.09.06"]
[Round "2.48"]
[White "Anandpara, Jayendra Saloni"]
[Black "Kyrkjebo, Hanna B."]
[Result "0-1"]
[WhiteElo "1326"]
[BlackElo "1947"]
[WhiteFideId "6002200"]
[BlackFideId "1511599"]
[EventDate "2018.09.05"]

1. d4 Nf6 2. Bf4 e6 3. e3 c5 4. c3 Be7 5. Nd2 O-O 6. Ngf3 b6 7. Bd3 Bb7 8. O-O
d5 9. Re1 Nbd7 10. Ne5 Ne4 11. Nxd7 Qxd7 12. f3 Nf6 13. a3 Nh5 14. Bg3 Nxg3 15.
hxg3 Bf6 16. f4 g6 17. Nf3 Qd8 18. g4 Re8 19. g5 Bg7 20. Bc2 Rc8 21. Nh2 Qe7 22.
Ba4 Bc6 23. Bxc6 Rxc6 24. Rc1 Rec8 25. Qf3 cxd4 26. exd4 Bxd4+ 27. Kh1 Qd8 28.
Rcd1 Bg7 29. Ng4 Rc4 30. Ne5 Bxe5 31. Rxe5 Qf8 32. Qe3 h6 33. Rd4 Rxd4 34. Qxd4
hxg5 35. fxg5 Rc4 36. Qf2 Qc5 37. Qe1 Qd6 38. Re3 Qe7 39. Re5 Rg4 40. Qe3 Rh4+
41. Kg1 Qc5 42. Kf2 Rf4+ 43. Kg3 Qxe3+ 44. Rxe3 Rf5 45. Rf3 Rxg5+ 46. Kf2 Rf5
47. Ke3 Rxf3+ 48. gxf3 Kf8 49. f4 Ke7 50. b3 Kd6 51. c4 dxc4 52. bxc4 Kc5 53.
Kd3 f6 54. Kc3 g5 0-1

[Event "36th World Junior Girls"]
[Site "Manavgat TUR"]
[Date "2018.09.07"]
[Round "3.2"]
[White "Gorti, Akshita"]
[Black "Wafa, Shahenda"]
[Result "1-0"]
[WhiteTitle "FM"]
[BlackTitle "WGM"]
[WhiteElo "2315"]
[BlackElo "2129"]
[WhiteFideId "2072505"]
[BlackFideId "10609962"]
[EventDate "2018.09.05"]

1. d4 d5 2. c4 c6 3. cxd5 cxd5 4. Bf4 Nf6 5. Nc3 g6 6. e3 a6 7. Bd3 Bg7 8. h3
O-O 9. Nf3 Nc6 10. O-O b5 11. Rc1 Bb7 12. Qe2 Re8 13. Rfd1 Rc8 14. Ne5 Qa5 15.
a3 Qb6 16. b4 Nxe5 17. Bxe5 Nd7 18. Bxg7 Kxg7 19. Qb2 Nf6 20. a4 Bc6 21. a5 Qb7
22. Nb1 e6 23. Nd2 Qe7 24. Rc2 Bb7 25. Rdc1 Rxc2 26. Rxc2 Rc8 27. Rxc8 Bxc8 28.
Qc3 Bb7 29. Nb3 Ne8 30. Qc5 Qd6 31. Qa7 Bc8 32. Nc5 Qc6 33. e4 dxe4 34. Bxe4 Qd6
35. Qa8 Qc7 36. Bc6 Nd6 37. Nxa6 Bxa6 38. Qxa6 Nf5 39. Bxb5 Nxd4 40. Bf1 Qc1 41.
Qc4 Qa1 42. b5 e5 43. a6 Qa5 44. Qd3 f5 45. Qe3 Kf6 46. f4 1-0

[Event "36th World Junior Girls"]
[Site "Manavgat TUR"]
[Date "2018.09.07"]
[Round "3.3"]
[White "Hilario, Aleyla"]
[Black "Khomeriki, Nino"]
[Result "0-1"]
[WhiteTitle "WFM"]
[BlackTitle "WIM"]
[WhiteElo "2203"]
[BlackElo "2313"]
[WhiteFideId "3819400"]
[BlackFideId "13603191"]
[EventDate "2018.09.05"]

1. d4 Nf6 2. c4 e6 3. Nf3 c5 4. d5 d6 5. Nc3 exd5 6. cxd5 g6 7. e4 Bg7 8. Bd3
O-O 9. O-O Bg4 10. h3 Bxf3 11. Qxf3 Nbd7 12. Bf4 Qe7 13. Qe2 a6 14. a4 Nh5 15.
Bh2 Bd4 16. Kh1 Rae8 17. Rae1 Qf6 18. Qd2 g5 19. Ne2 Be5 20. f4 gxf4 21. g4 Ng7
22. Nxf4 Qh4 23. Qg2 Rb8 24. Re2 b5 25. axb5 axb5 26. b3 c4 27. bxc4 b4 28. Bb1
Qe7 29. Ref2 b3 30. Nd3 f6 31. h4 Bd4 32. Rf3 Ne5 33. Nxe5 Bxe5 34. Bg1 Kh8 35.
Be3 Rg8 36. Qh3 Qd7 37. g5 Qxh3+ 38. Rxh3 Nh5 39. Rd1 b2 40. gxf6 Ng3+ 41. Kg2
Nxe4+ 42. Kf3 Nc3 43. Rdh1 Bxf6 44. Bg5 Be5 45. Kf2 Bd4+ 46. Kf3 Nxb1 47. Rxb1
Rb3+ 48. Kg2 Rxh3 49. Kxh3 Ra8 50. Bc1 bxc1=Q 51. Rxc1 h5 0-1

[Event "36th World Junior Girls"]
[Site "Manavgat TUR"]
[Date "2018.09.07"]
[Round "3.4"]
[White "Kanakova, Natalie"]
[Black "Antova, Gabriela"]
[Result "1/2-1/2"]
[WhiteTitle "WFM"]
[BlackTitle "FM"]
[WhiteElo "2201"]
[BlackElo "2292"]
[WhiteFideId "350486"]
[BlackFideId "2915235"]
[EventDate "2018.09.05"]

1. e4 c5 2. Nf3 d6 3. Bb5+ Nd7 4. c4 Nf6 5. Nc3 g6 6. O-O Bg7 7. d4 cxd4 8. Nxd4
O-O 9. Bxd7 Bxd7 10. Qd3 Ng4 11. Nf3 Rc8 12. Bd2 Re8 13. Rac1 a6 14. h3 Ne5 15.
Nxe5 Bxe5 16. f4 Bg7 17. b3 b5 18. f5 bxc4 19. bxc4 Bc6 20. Nd5 Bxd5 21. cxd5
Qb6+ 22. Kh1 Qb5 23. Qf3 Rxc1 24. Bxc1 Kh8 25. Bg5 Qb2 26. a4 Qe5 27. a5 gxf5
28. exf5 Rc8 29. Rb1 h6 30. Bd2 Rc5 31. Qh5 Qf6 32. Qf3 Qe5 33. Qh5 Qf6 34. Qf3
Qe5 1/2-1/2